[Event "Aragon-chT Preferente A"]
[Site "Aragon"]
[Date "2016.03.05"]
[Round "6.43"]
[White "Echarte Buil, Oscar"]
[Black "De Pablo Zuniga, Hector Luis"]
[Result "1-0"]
[WhiteElo "2118"]
[BlackElo "1975"]
[PlyCount "75"]
[EventDate "2016.01.30"]
[EventType "team-tourn"]
[EventRounds "9"]
[EventCountry "ESP"]
[SourceTitle "EXT 2018"]
[Source "ChessBase"]
[SourceDate "2017.10.13"]
[SourceVersion "1"]
[SourceVersionDate "2017.10.13"]
[SourceQuality "1"]
[WhiteTeam "Palacio de Pioneros"]
[BlackTeam "Marcos Frechin"]
[WhiteTeamCountry "ESP"]
[BlackTeamCountry "ESP"]

1. c4 Nf6 2. g3 g6 3. Bg2 Bg7 4. Nc3 0-0 5. d3 d6 6. e4 Nbd7 7. Nge2 c6 8. 0-0 Ne8 9. Be3 c5 10. Qd2 Nc7 11. Rad1 Nb6 12. b3 Rb8 13. d4 cxd4 14. Nxd4 Ne6 15. Nde2 Bd7 16. Nd5 Nxd5 17. exd5 Nc5 18. b4 Na4 19. Bxa7 Rc8 20. c5 Bb5 21. Rc1 Ra8 22. Bb6 Nxb6 23. cxb6 Qxb6 24. Rfe1 Qa6 25. Nc3 Bc4 26. Rxe7 Rfe8 27. Rxe8+ Rxe8 28. a4 b5 29. axb5 Bxb5 30. Nxb5 Qxb5 31. Bf1 Qd7 32. b5 Rb8 33. Rc6 Bf8 34. b6 Ra8 35. Rc7 Qf5 36. b7 Rb8 37. Ba6 Qb1+ 38. Qc1 1-0